Application of the EUV Basis of Value in UK Public Sector Accounting (Record no. 121558)

MARC details
000 -LEADER
fixed length control field 00667nas a22001577a 4500
007 - PHYSICAL DESCRIPTION FIXED FIELD--GENERAL INFORMATION
fixed length control field cz || anaaa
008 - FIXED-LENGTH DATA ELEMENTS--GENERAL INFORMATION
fixed length control field 230623e20211101xxk|||||o|||| 00| 0 eng d
041 ## - LANGUAGE CODE
Language code of text/sound track or separate title eng
245 ## - TITLE STATEMENT
Title Application of the EUV Basis of Value in UK Public Sector Accounting
260 ## - PUBLICATION INFORMATION
Publisher RICS,
Date October 2021
650 ## - KEYWORDS
Keywords EXISTING USE VALUE
651 ## - SUBJECT ADDED ENTRY--GEOGRAPHIC NAME
Geographic name United Kingdom
690 ## - LOCAL SUBJECT ADDED ENTRY--TOPICAL TERM (OCLC, RLIN)
9 (RLIN) 6273
Topical term or geographic name as entry element Valuation
710 ## - ADDED CORPORATE NAME
9 (RLIN) 4900
Added corporate author Royal Institution of Chartered Surveyors
856 ## - ONLINE RESOURCE
Uniform Resource Identifier https://www.rics.org/profession-standards/rics-standards-and-guidance/sector-standards/valuation-standards/application-of-the-existing-use-value-basis-of-value-in-uk-public-sector-accounting
Public note Available on RICS.org
Holdings
Withdrawn status Lost status Damaged status Not for loan Home library Current library Shelving location Date acquired Total Checkouts Date last seen Price effective from Koha item type
        Virtual Virtual Online 23/06/2023   23/06/2023 23/06/2023 Online material